01190nam a2200361 a 450000100060000000300100000600500170001600700030003300800410003602000180007702000180009504000330011304100130014604300120015908200230017108400110019410000350020524500990024025000220033926400560036130000280041733600270044533700330047233800280050549000240053349000220055753400440057965000410062365000370066465000460070165000360074770000450078359036CO-BoRNBP20250903135335.0ta231228s2020 ck gr 000 0 spa d a9789585234093 a9788418173158 aCO-BoBLAbspacCO-BoBLAerda1 aspaheng ae-uk-en04a823.91bR69h35222 aN ROW11 aRowling, J. K.,d1965-eautora10aHarry Potter y el misterio del príncipe /cJ. K. Rowling ; traducción Gemma Rovira Ortega. aprimera edición 1aBogotá D.C, ColombiabPenguin Random House,c2020 a572 páginas ;c20 cm. atextobtxt2rdacontent asin mediaciónbn2rdamedia avolumenbnc2rdacarrier1 aSalamandra bolsillo1 aHarry Potter ;v6 tHarry Potter and the half-blood Prince. 7aBrujeríavNovela juvenil.2BLAAUTO 7aNovela juvenil inglesa.2BLAAUTO 7aLiteratura fantástica inglesa.2BLAAUTO 7aMagiavNovela juvenil.2BLAAUTO12aRovira Ortega, Gemma,d1964-etraductora